Diccionario Ruso - Espanol

সংরক্ষণ করুন:
গ্রন্থ-পঞ্জীর বিবরন
প্রধান লেখক: J Nogueira
বিন্যাস: গ্রন্থ
ভাষা:Undetermined
প্রকাশিত: Moscu Idioma Ruso 1974
বিষয়গুলি:
ট্যাগগুলো: ট্যাগ যুক্ত করুন
কোনো ট্যাগ নেই, প্রথমজন হিসাবে ট্যাগ করুন!
Thư viện lưu trữ: Trung tâm Học liệu Trường Đại học Cần Thơ
LEADER 00518nam a2200181Ia 4500
001 CTU_26139
008 210402s9999 xx 000 0 und d
082 |a 491.7003 
082 |b N778 
100 |a J Nogueira 
245 0 |a Diccionario Ruso - Espanol 
245 0 |c J Nogueira, G Turover 
260 |a Moscu 
260 |b Idioma Ruso 
260 |c 1974 
650 |a russian language - dictionaries,spanish language - dictionaries 
904 |i Minh, 981008 
980 |a Trung tâm Học liệu Trường Đại học Cần Thơ